Nghiên cứu phương pháp phân tích định lượng đồng thời Florfenicol, Florfenicol Amine, Amoxicillin và Doxycycline trên mãu thủy sản bằng kỹ thuật sắc ký lỏng ghép khối phổ : Luận văn tốt nghiệp Cao học. Chuyên ngành Kỹ thuật hóa học

Nghiên cứu xây dựng phương pháp phân tích định lượng đồng thời Florfenicol, Florfenicol Amine, Amoxicillin và Doxycycline trên mãu thủy sản bằng kỹ thuật sắc ký lỏng ghép khối phổ. Phương pháp phân tích sẽ đáp ứng yêu cầu giới hạn dư lượng cho...

全面介绍

Đã lưu trong:
书目详细资料
主要作者: Nguyễn, Văn Luy
格式: 图书
语言:Undetermined
出版: Cần Thơ Trường Đại học Cần Thơ 2017
主题:
标签: 添加标签
没有标签, 成为第一个标记此记录!
Thư viện lưu trữ: Trung tâm Học liệu Trường Đại học Cần Thơ
LEADER 01586nam a2200229Ia 4500
001 CTU_221376
008 210402s9999 xx 000 0 und d
082 |a 543 
082 |b L523 
088 |a 60520301 
100 |a Nguyễn, Văn Luy 
245 0 |a Nghiên cứu phương pháp phân tích định lượng đồng thời Florfenicol, Florfenicol Amine, Amoxicillin và Doxycycline trên mãu thủy sản bằng kỹ thuật sắc ký lỏng ghép khối phổ : 
245 0 |b Luận văn tốt nghiệp Cao học. Chuyên ngành Kỹ thuật hóa học 
245 0 |c Nguyễn Văn Luy ; Trần Minh Phú (Cán bộ hướng dẫn) 
260 |a Cần Thơ 
260 |b Trường Đại học Cần Thơ 
260 |c 2017 
520 |a Nghiên cứu xây dựng phương pháp phân tích định lượng đồng thời Florfenicol, Florfenicol Amine, Amoxicillin và Doxycycline trên mãu thủy sản bằng kỹ thuật sắc ký lỏng ghép khối phổ. Phương pháp phân tích sẽ đáp ứng yêu cầu giới hạn dư lượng cho phép theo tiêu chuẩn quốc tế, đồng thời chi phí thấp hơn, nhanh, độ tin cậy và chính xác cao phục vụ cho việc kiểm soát chất lượng thủy sản. 
650 |a Hóa học phân tích,Chemistry, Analytic 
650 |x Định lượng,Quantitative 
904 |i My,Hải 
980 |a Trung tâm Học liệu Trường Đại học Cần Thơ